Vete a La Luna - Mafalda Cardenal - Estadísticas

Estadísticas generales
  • Esta prueba ha sido intentada 40 veces
  • La puntuación promedio es 226 de 297
Estadísticas de respuestas
Letra % Correcto
a
100%
A
100%
Busca
100%
Búscate
100%
busques
100%
cuando
100%
Cuando
100%
la
100%
luna
100%
otro
100%
sol
100%
te
100%
vete
100%
Vete
100%
Y
100%
y
100%
yo
100%
Yo
100%
algo
67%
aquí
67%
Aquí
67%
Así
67%
así
67%
aventura
67%
brilla
67%
cajas
67%
casa
67%
Como
67%
¿Cómo
67%
como
67%
de
67%
dime
67%
el
67%
en
67%
entienda
67%
entiendas
67%
entonces
67%
Entre
67%
escuches
67%
está
67%
has
67%
hay
67%
igual
67%
ir
67%
lado
67%
las
67%
me
67%
Me
67%
mi
67%
67%
mira
67%
Mírame
67%
Mis
67%
nadie
67%
no
67%
No
67%
notas
67%
nueva
67%
nuevo
67%
obligar
67%
olor
67%
para
67%
por
67%
que
67%
Que
67%
quedarte
67%
Quieres
67%
quieres
67%
Si
67%
Solo
67%
Tiempo
67%
todas
67%
todo
67%
Una
67%
vas?
67%
verás
67%
verdad
67%
voy
67%
voz
67%
vuelve
67%
Vuelve
67%
ya
67%
Aunque
33%
aunque
33%
cansado
33%
da
33%
dos
33%
éramos
33%
espacio
33%
Hasta
33%
Inseparables
33%
insoportable
33%
miénteme
33%
olvidarme
33%
pensar
33%
querer
33%
quiero
33%
tener
33%
tengo
33%
Uno
33%
vez
33%
volviste
33%
No se encontraron pruebas coincidentes
Distribución de puntuación
Porcentaje de gente con cada puntuación
Porcentaje por número respondido
Historial de tus puntuaciones
No has intentado esta prueba.